| 000 | 00503nam a22001697a 4500 | ||
|---|---|---|---|
| 003 | OSt | ||
| 005 | 20240812093328.0 | ||
| 008 | 240809b |||||||| |||| 00| 0 eng d | ||
| 040 | _cChuka University Library | ||
| 050 |
_aPL 8704 _b.K579 2002 |
||
| 100 |
_aY.M Kihore (Ed) _9807 |
||
| 245 | _aKiswahili: Jarida la Taasisi ya Uchunguzi Wa Kiswahili | ||
| 260 |
_a Dar es Salaam _bTaasisi ya Uchunguzi Wa Kiswahili _c2002 |
||
| 300 |
_a131p _bIllustrated |
||
| 650 |
_aKiswahili _99871 |
||
| 942 |
_2lcc _cBK _n0 |
||
| 999 |
_c18189 _d18189 |
||